00949 2200301 4500001002100000005001500021035002000036007000300056008004100059020002200100040002200122082001400144084001600158090002200174100003000196245010500226250003400331300004600365650004000411850001200451504003200463264003400495336002100529337003000550338002300580999002200603990002200625INLIS00000000090197320260126110916 a0010-0126000906ta220304s2025 yoia g ind d a978-634-223-234-7 aYOPDYOGbinderda04223a646.4 a646.4 DIA s aCB-D.11 2025-45620 aDian RetnasariePengarang10aSustainable fashion :bteori dan praksis pembelajaran dalam pendidikan tata busana /cDian Retnasari aCetakan Pertama, Oktober 2025 axi, 153 halaman :btabel, gambar ;c23 cm 4aTata busana--xStudi dan pengajaran aYOPDYOG aBibliografi halaman 137-15331aYogyakarta :bUNY Pres,c2025 2rdacontentateks 2rdamediaatanpa perantara 2rdacarrieravolume aCB-D.11/2025-4562 aCB-D.11/2025-4562